[Event "V Torneo del Litorale A"]
[Site "Roma ITA"]
[Date "1997.02.??"]
[Round "?"]
[White "Colombrini, Adolfo"]
[Black "Raccah, Ascer"]
[Result "1-0"]
[WhiteElo "1659"]
[BlackElo "1528"]
[PlyCount "77"]
[EventDate "1997.02.07"]

1. e4 e5 2. Nc3 Nf6 3. g3 Bc5 4. Bg2 Nc6 5. Nge2 d6 6. h3 Be6 7. O-O Qd7 8. Kh2
O-O-O 9. d3 a6 10. f4 Bd4 11. f5 Bxa2 12. Nxd4 Nxd4 13. Nxa2 h5 14. Be3 Nc6 15.
b4 h4 16. g4 d5 17. Bg5 dxe4 18. Bxf6 gxf6 19. Bxe4 Nd4 20. c3 Nb5 21. Qa4 c6
22. Rad1 Kb8 23. Qb3 Qc7 24. c4 Nd4 25. Qb2 Rd7 26. Nc3 Rhd8 27. Kg2 c5 28. Nd5
Qd6 29. bxc5 Qxc5 30. Nxf6 Re7 31. Ra1 Rd6 32. Nd5 Red7 33. Rfb1 f6 34. Nb6 Rg7
35. Na4 Qc8 36. Nb6 Qg8 37. Rxa6 Rxg4+ 38. Kh1 Kc7 39. Nd5+ 1-0

[Event "V Torneo del Litorale A"]
[Site "Roma ITA"]
[Date "1997.02.??"]
[Round "?"]
[White "Colombrini, Adolfo"]
[Black "Scagliarini, Valentina"]
[Result "1-0"]
[WhiteElo "1659"]
[BlackElo "1771"]
[PlyCount "73"]
[EventDate "1997.02.07"]

1. e4 e6 2. d4 d5 3. Nc3 Bb4 4. e5 c5 5. a3 Bxc3+ 6. bxc3 Qc7 7. Nf3 Ne7 8. Bd3
Nbc6 9. O-O Bd7 10. Re1 f6 11. Bf4 f5 12. Bd2 h6 13. Bb5 Nd8 14. Bxd7+ Qxd7 15.
Nh4 Nf7 16. Qh5 Rg8 17. Ng6 O-O-O 18. Reb1 Nxg6 19. Qxg6 Nh8 20. Qh5 Qf7 21.
Qe2 c4 22. Rb4 g5 23. Rab1 Rd7 24. a4 Ng6 25. a5 Ne7 26. Bc1 h5 27. Ba3 h4 28.
Rb5 a6 29. Rb6 Nc6 30. Bd6 Rxd6 31. exd6 Nxa5 32. Qe5 Nc6 33. Rxc6+ bxc6 34.
d7+ Kd8 35. Rb8+ Ke7 36. Qc7 Rxb8 37. d8=Q# 1-0

[Event "V Torneo del Litorale A"]
[Site "Roma ITA"]
[Date "1997.02.??"]
[Round "?"]
[White "Corinthios, Raimondo"]
[Black "Narain, Ram Deva"]
[Result "0-1"]
[WhiteElo "1510"]
[BlackElo "1539"]
[PlyCount "65"]
[EventDate "1997.02.07"]

1. e4 g6 2. d4 Bg7 3. f4 d6 4. Nf3 c6 5. Bc4 d5 6. exd5 cxd5 7. Be2 Nf6 8. Nc3
Nc6 9. O-O O-O 10. Ne5 Qb6 11. Nf3 Bg4 12. Na4 Qc7 13. h3 Bf5 14. c3 Rad8 15.
Nc5 Bc8 16. Be3 Nh5 17. Ne5 Ng3 18. Rf2 Nf5 19. Qd2 Qb6 20. b3 f6 21. Nxc6 Qxc6
22. Bf3 b6 23. Nd3 Nxe3 24. Nb4 Qd7 25. Qxe3 Bb7 26. Re1 e5 27. fxe5 fxe5 28.
dxe5 Rde8 29. Bg4 Qc7 30. e6 Qxc3 31. Qxc3 Bxc3 32. e7 Rxe7 33. Be6+ 0-1

[Event "V Torneo del Litorale A"]
[Site "Roma ITA"]
[Date "1997.02.??"]
[Round "?"]
[White "Corinthios, Raimondo"]
[Black "Sposito, Paolo"]
[Result "1-0"]
[WhiteElo "1510"]
[BlackElo "1459"]
[PlyCount "117"]
[EventDate "1997.02.07"]

1. e4 e6 2. d4 d5 3. Nc3 Bb4 4. e5 b6 5. Nf3 Ba6 6. Bxa6 Nxa6 7. Qd3 Nb8 8.
Qb5+ Nd7 9. Qxb4 Ne7 10. Bg5 c5 11. dxc5 bxc5 12. Qh4 Rb8 13. Bxe7 Qxe7 14.
Qxe7+ Kxe7 15. Na4 Rb4 16. b3 Re4+ 17. Kd2 Nxe5 18. Nxe5 Rxe5 19. Nxc5 Rc8 20.
Nd3 Rg5 21. g3 d4 22. f4 Rb5 23. a4 Rd5 24. Rae1 a5 25. Re5 Rxe5 26. Nxe5 f6
27. Nc4 Rc5 28. Re1 g5 29. fxg5 Rxg5 30. Kd3 Rd5 31. Re4 e5 32. Rh4 h5 33. Ke4
Ke6 34. Kd3 Rc5 35. Re4 Kf5 36. h3 Kg5 37. Re2 Kf5 38. Nd6+ Ke6 39. Ne4 Rc8 40.
g4 hxg4 41. hxg4 Rg8 42. Nf2 Kd5 43. Ne4 Ke6 44. Nf2 Kd5 45. c3 dxc3 46. Kxc3
Rc8+ 47. Kb2 Ke6 48. Rc2 Rd8 49. Ne4 Rd4 50. Rc4 Rd8 51. Rc5 Rg8 52. Nf2 Rd8
53. Rc6+ Kf7 54. Ne4 Rd4 55. Nxf6 Rf4 56. g5 e4 57. Nd5 Rf2+ 58. Ka3 Rf3 59.
Rf6+ 1-0

[Event "V Torneo del Litorale A"]
[Site "Roma ITA"]
[Date "1997.02.??"]
[Round "?"]
[White "De Carolis, Massimo"]
[Black "Farina, Saverio"]
[Result "1/2-1/2"]
[WhiteElo "1666"]
[BlackElo "2170"]
[PlyCount "72"]
[EventDate "1997.02.07"]

1. d4 d5 2. Nf3 c5 3. e3 Nf6 4. c3 Nc6 5. Nbd2 Bg4 6. Be2 Qc7 7. b3 cxd4 8.
exd4 e6 9. Bb2 Be7 10. a3 O-O 11. Rc1 Rac8 12. O-O Rfd8 13. Re1 Qf4 14. Ne5
Bxe2 15. Qxe2 Bd6 16. g3 Qf5 17. f4 Bc7 18. b4 Bb6 19. Kh1 h5 20. Ndf3 Ne4 21.
Qg2 f6 22. Nh4 Qh7 23. Neg6 Re8 24. Rxe4 dxe4 25. Qxe4 Rcd8 26. Re1 f5 27. Qd3
Kf7 28. b5 Ne7 29. Ne5+ Kg8 30. Qc4 Rd5 31. Nef3 Qh6 32. Ng5 Rc8 33. Qe2 Rd6
34. Qe5 Rd5 35. Qe2 Rd6 36. Qe5 Rd5 1/2-1/2

[Event "V Torneo del Litorale A"]
[Site "Roma ITA"]
[Date "1997.02.??"]
[Round "?"]
[White "De Carolis, Massimo"]
[Black "Gatta, Flavio"]
[Result "1/2-1/2"]
[WhiteElo "1666"]
[BlackElo "1528"]
[PlyCount "44"]
[EventDate "1997.02.07"]

1. d4 Nf6 2. Nf3 c5 3. Bg5 Qa5+ 4. c3 cxd4 5. Bxf6 gxf6 6. Nxd4 Nc6 7. e3 d6 8.
Nd2 h5 9. Bb5 Bd7 10. Qb3 a6 11. Bc4 Nd8 12. Bd5 Ba4 13. Qc4 e6 14. Bf3 d5 15.
Qe2 h4 16. Bh5 Nc6 17. Nxe6 Bb5 18. Qf3 Ne5 19. Qf5 Nd3+ 20. Kd1 Nxb2+ 21. Ke1
Nd3+ 22. Kd1 Nb2+ 1/2-1/2

[Event "V Torneo del Litorale A"]
[Site "Roma ITA"]
[Date "1997.02.??"]
[Round "?"]
[White "De Carolis, Massimo"]
[Black "Scagliarini, Valentina"]
[Result "0-1"]
[WhiteElo "1666"]
[BlackElo "1771"]
[PlyCount "120"]
[EventDate "1997.02.07"]

1. d4 d5 2. Nf3 e6 3. Bf4 Nf6 4. e3 Be7 5. c3 Nbd7 6. Bd3 c6 7. h4 Ng4 8. Ng5
Ngf6 9. Nd2 h6 10. Ngf3 Ng4 11. Ne5 Ngxe5 12. dxe5 Qc7 13. Nf3 b6 14. h5 Bb7
15. Rh3 O-O-O 16. b4 c5 17. Qd2 Kb8 18. Rh1 Rc8 19. Ke2 cxb4 20. cxb4 Qc3 21.
a3 Qxd2+ 22. Kxd2 Ka8 23. Rhc1 Rxc1 24. Rxc1 Rc8 25. Rxc8+ Bxc8 26. Nd4 Kb7 27.
Bb5 a6 28. Bc6+ Kc7 29. e4 dxe4 30. Bxe4 Bg5 31. Bxg5 hxg5 32. Nf3 g4 33. Ng5
Nxe5 34. Kc3 f6 35. Nh7 Nf7 36. Nf8 Kd8 37. a4 Nd6 38. Bd3 Ke7 39. Ng6+ Kd7 40.
Nf4 Bb7 41. g3 e5 42. Ne2 f5 43. Bc2 Bd5 44. Bd3 a5 45. Nc1 Bf7 46. Nb3 axb4+
47. Kxb4 Bxb3 48. Kxb3 Kc6 49. Kb4 Kd5 50. Bb5 Ke4 51. Bc6+ Kd3 52. Bb5+ Kd2
53. Bf1 Ke1 54. Bb5 Kxf2 55. Bc6 Kxg3 56. Kc3 f4 57. Kd2 e4 58. Ke1 Kg2 59. Bd7
f3 60. Bxg4 f2+ 0-1

[Event "V Torneo del Litorale A"]
[Site "Roma ITA"]
[Date "1997.02.??"]
[Round "?"]
[White "Fantazzini, Massimiliano"]
[Black "De Carolis, Massimo"]
[Result "1/2-1/2"]
[WhiteElo "1753"]
[BlackElo "1666"]
[PlyCount "72"]
[EventDate "1997.02.07"]

1. c4 Nf6 2. Nf3 b6 3. e3 Bb7 4. Be2 g6 5. b3 Bg7 6. Bb2 O-O 7. d3 d6 8. b4 e5
9. e4 Nc6 10. a3 Nd7 11. Nbd2 Ne7 12. Qc2 f5 13. Qb3 Kh8 14. Ng5 Rf6 15. c5 d5
16. f4 dxe4 17. dxe4 fxe4 18. fxe5 Rf5 19. Ne6 Bd5 20. Nxd8 Bxb3 21. Nxb3 Rxd8
22. O-O-O Bxe5 23. Bxe5+ Rxe5 24. Bg4 Nd5 25. Nd4 Nb8 26. Rhe1 Nc3 27. Rd2 Red5
28. Nb3 bxc5 29. Rxd5 Rxd5 30. Nxc5 h5 31. Bc8 a5 32. Be6 Re5 33. Kd2 axb4 34.
axb4 Nd5 35. Bxd5 Rxd5+ 36. Kc3 Re5 1/2-1/2

[Event "V Torneo del Litorale A"]
[Site "Roma ITA"]
[Date "1997.02.??"]
[Round "?"]
[White "Fantazzini, Massimiliano"]
[Black "Piccioni, Marco"]
[Result "0-1"]
[WhiteElo "1753"]
[BlackElo "1537"]
[PlyCount "40"]
[EventDate "1997.02.07"]

1. c4 e6 2. Nf3 d5 3. b3 d4 4. e3 dxe3 5. fxe3 c5 6. Bb2 Nf6 7. Be2 Bd6 8. O-O
Nbd7 9. Qe1 O-O 10. Nc3 b6 11. Kh1 Bb7 12. Qh4 Qe7 13. d3 Rad8 14. Nb5 Bb8 15.
d4 Rfe8 16. Rad1 a6 17. Nc3 Qd6 18. e4 cxd4 19. Nxd4 Qc7 20. Bd3 Nc5 0-1

[Event "V Torneo del Litorale A"]
[Site "Roma ITA"]
[Date "1997.02.??"]
[Round "?"]
[White "Fantazzini, Massimiliano"]
[Black "Wyss, Walter"]
[Result "1/2-1/2"]
[WhiteElo "1753"]
[BlackElo "2210"]
[PlyCount "116"]
[EventDate "1997.02.07"]

1. c4 c6 2. e4 e5 3. Nf3 d6 4. d4 Qc7 5. Be2 Nf6 6. Nc3 Be7 7. d5 O-O 8. O-O a5
9. Ne1 Na6 10. Nd3 Nb4 11. Be3 Nxd3 12. Qxd3 c5 13. Rae1 Qd8 14. Bd1 Re8 15.
Ba4 Rf8 16. Qe2 Kh8 17. h3 b6 18. f4 Bd7 19. fxe5 dxe5 20. Qd3 Bxa4 21. Nxa4
Ne8 22. Qb3 Rb8 23. Nc3 Nd6 24. Bc1 b5 25. cxb5 Qb6 26. Kh1 Nxb5 27. Nxb5 Qxb5
28. Qg3 Bd6 29. Rf3 a4 30. Qh4 f6 31. Qg4 Qc4 32. Qe6 Rbd8 33. a3 Qd4 34. h4
Rfe8 35. Qf5 c4 36. h5 Be7 37. Rg3 Rg8 38. Rf1 Rdf8 39. Qd7 Rf7 40. Qe6 Rgf8
41. Qf5 Qb6 42. Rc3 Qc7 43. Qg4 Bd6 44. Qe2 Rc8 45. Qc2 Qd7 46. Qe2 Rff8 47.
Qf3 Rc7 48. Qf5 Qxf5 49. Rxf5 g6 50. hxg6 hxg6 51. Rh3+ Rh7 52. Rff3 Rxh3+ 53.
Rxh3+ Kg8 54. g4 Rf7 55. Kg2 Rc7 56. Rc3 Kg7 57. Kf3 Kf7 58. Rc2 Rc8 1/2-1/2

[Event "V Torneo del Litorale A"]
[Site "Roma ITA"]
[Date "1997.02.??"]
[Round "?"]
[White "Farina, Saverio"]
[Black "Sposito, Paolo"]
[Result "1-0"]
[WhiteElo "2170"]
[BlackElo "1459"]
[PlyCount "57"]
[EventDate "1997.02.07"]

1. d4 Nf6 2. c4 d5 3. Nc3 e6 4. Bg5 c6 5. e4 h6 6. Bxf6 gxf6 7. exd5 cxd5 8.
cxd5 Qa5 9. Bb5+ Bd7 10. Qb3 Qb6 11. Nf3 Bxb5 12. Qxb5+ Qxb5 13. Nxb5 Bb4+ 14.
Ke2 Na6 15. a3 Ba5 16. Nd6+ Ke7 17. Nxb7 Bb6 18. d6+ Kd7 19. b4 Rac8 20. Nc5+
Nxc5 21. dxc5 Bxc5 22. bxc5 Rxc5 23. Rhc1 Rhc8 24. Rxc5 Rxc5 25. Rd1 Rc3 26.
Rd3 Rc2+ 27. Ke3 Rc4 28. Nd2 Rh4 29. Ne4 1-0

[Event "V Torneo del Litorale A"]
[Site "Roma ITA"]
[Date "1997.02.??"]
[Round "?"]
[White "Farina, Saverio"]
[Black "Tommasini, Enzo"]
[Result "1/2-1/2"]
[WhiteElo "2170"]
[BlackElo "2075"]
[PlyCount "152"]
[EventDate "1997.02.07"]

1. d4 e6 2. e4 d5 3. exd5 exd5 4. Nf3 Nf6 5. c4 Bb4+ 6. Nc3 O-O 7. Be2 Ne4 8.
Qb3 Bxc3+ 9. bxc3 dxc4 10. Bxc4 Nc6 11. Qc2 Bg4 12. Ne5 Nxe5 13. dxe5 Bf5 14.
Bd3 Qh4 15. O-O Rfd8 16. g3 Rxd3 17. gxh4 Rad8 18. Be3 Nxc3 19. Qb2 Be4 20. f3
Bc6 21. Bg5 R8d5 22. Rac1 Na4 23. Qe2 h6 24. Rfd1 Rxd1+ 25. Rxd1 Nc3 26. Qc2
Rxd1+ 27. Kf2 hxg5 28. hxg5 Ne4+ 29. fxe4 Rd4 30. e6 Rxe4 31. exf7+ Kxf7 32.
Qc5 Kg6 33. Kg3 Kh5 34. h3 a5 35. Qxa5 Re3+ 36. Kf2 Rxh3 37. Qxc7 Kg6 38. Qe5
Rf3+ 39. Ke2 Rf5 40. Qd6+ Kxg5 41. Qg3+ Kf6 42. Qd6+ Kf7 43. Qc7+ Kg8 44. Qc8+
Rf8 45. Qe6+ Kh7 46. Qh3+ Kg6 47. Qg3+ Kf7 48. Qb3+ Ke7 49. Qe3+ Kd7 50. Qd4+
Kc8 51. Qxg7 Re8+ 52. Kd2 Re4 53. Kc3 Kb8 54. Kd3 Ka7 55. Kc3 Ka6 56. Qf8 Kb5
57. Qf5+ Ka6 58. Qc5 Ra4 59. Kb3 Re4 60. a3 Ba4+ 61. Kc3 Bc6 62. Kb2 Rf4 63.
Qe7 Rf3 64. Qe2+ Ka5 65. Qd2+ Ka6 66. Qd4 Rf5 67. Qd3+ Rb5+ 68. Kc3 Ka7 69.
Qd4+ Ka8 70. Qd8+ Ka7 71. Kc4 Rf5 72. Qc7 Rh5 73. Qe7 Rd5 74. Kb4 Rd4+ 75. Kb3
Re4 76. Qc5+ Ka6 1/2-1/2

[Event "V Torneo del Litorale A"]
[Site "Roma ITA"]
[Date "1997.02.??"]
[Round "?"]
[White "Farina, Saverio"]
[Black "Tosoni, Augusto"]
[Result "0-1"]
[WhiteElo "2170"]
[BlackElo "2056"]
[PlyCount "132"]
[EventDate "1997.02.07"]

1. d4 d5 2. c4 e6 3. Nc3 Nf6 4. Bg5 Be7 5. Nf3 O-O 6. Qc2 b6 7. e4 dxe4 8. Nxe4
Bb7 9. Bd3 h6 10. Nxf6+ Bxf6 11. Bxf6 Qxf6 12. Bh7+ Kh8 13. Be4 Bxe4 14. Qxe4
Na6 15. O-O Qe7 16. a3 c5 17. d5 Qb7 18. Rfe1 exd5 19. Qxd5 Qxd5 20. cxd5 Nc7
21. Rad1 Rad8 22. Re7 Nxd5 23. Rxa7 Nf4 24. Rdd7 Nd3 25. b3 b5 26. g4 c4 27.
bxc4 bxc4 28. Kf1 Rxd7 29. Rxd7 Rc8 30. Nd4 Ne5 31. Re7 f6 32. h3 Ng6 33. Re4
c3 34. Nc2 Rd8 35. Rd4 Rc8 36. Ke2 Ne5 37. f4 Nc4 38. Kd1 Kg8 39. Kc1 Kf7 40.
Rd7+ Kf8 41. h4 Ra8 42. Rd4 Nxa3 43. Nxa3 Rxa3 44. Kc2 Ke7 45. f5 h5 46. Re4+
Kf7 47. g5 fxg5 48. hxg5 Ra5 49. Rf4 Rc5 50. Rf1 g6 51. fxg6+ Kxg6 52. Rh1 Kxg5
53. Rg1+ Kf4 54. Rf1+ Kg3 55. Rg1+ Kh2 56. Rg8 h4 57. Rg7 Rc4 58. Rg8 Kh3 59.
Rh8 Kg3 60. Rg8+ Rg4 61. Rc8 h3 62. Rxc3+ Kg2 63. Kb2 Rf4 64. Rc8 h2 65. Rg8+
Kh3 66. Rh8+ Rh4 0-1

[Event "V Torneo del Litorale A"]
[Site "Roma ITA"]
[Date "1997.02.??"]
[Round "?"]
[White "Gardon, Ermanno"]
[Black "Corinthios, Raimondo"]
[Result "1-0"]
[WhiteElo "1683"]
[BlackElo "1510"]
[PlyCount "53"]
[EventDate "1997.02.07"]

1. e4 e5 2. d4 exd4 3. Qxd4 Nc6 4. Qe3 Nf6 5. Nc3 d6 6. f4 Be7 7. Qg3 O-O 8.
Nf3 Re8 9. Bd3 Bg4 10. O-O Bxf3 11. Rxf3 Nb4 12. Bd2 c6 13. Raf1 Nxd3 14. cxd3
Qb6+ 15. R3f2 Qc7 16. e5 Nd7 17. f5 dxe5 18. Bh6 Bf6 19. Ne4 Qd8 20. Bxg7 Bxg7
21. f6 Nxf6 22. Nxf6+ Kf8 23. Nxh7+ Ke7 24. Rxf7+ Ke6 25. Qxg7 Qd4+ 26. Kh1
Qxd3 27. Ng5+ 1-0

[Event "V Torneo del Litorale A"]
[Site "Roma ITA"]
[Date "1997.02.??"]
[Round "?"]
[White "Gardon, Ermanno"]
[Black "Fantazzini, Massimiliano"]
[Result "1-0"]
[WhiteElo "1683"]
[BlackElo "1753"]
[PlyCount "35"]
[EventDate "1997.02.07"]

1. e4 e5 2. d4 Nc6 3. dxe5 Nxe5 4. Nf3 Nxf3+ 5. Qxf3 Qf6 6. Qg3 Bc5 7. Nc3 Ne7
8. Bf4 O-O 9. O-O-O a6 10. Nd5 Qc6 11. Bc4 Nxd5 12. Rxd5 Be7 13. Bb3 Bd8 14.
Be5 g6 15. Qf4 d6 16. Bc3 Qe8 17. Qh6 f6 18. Rh5+ 1-0

[Event "V Torneo del Litorale A"]
[Site "Roma ITA"]
[Date "1997.02.??"]
[Round "?"]
[White "Gardon, Ermanno"]
[Black "Piacentini, Carlo"]
[Result "1-0"]
[WhiteElo "1683"]
[BlackElo "1680"]
[PlyCount "47"]
[EventDate "1997.02.07"]

1. e4 e5 2. d4 exd4 3. Qxd4 Nc6 4. Qe3 b6 5. Bd2 Be7 6. Nc3 Nf6 7. Qg3 O-O 8.
Bh6 Nh5 9. Qg4 Bf6 10. Qxh5 Bxc3+ 11. bxc3 gxh6 12. Qxh6 Re8 13. Bd3 d5 14.
O-O-O Ne5 15. exd5 Ng6 16. Nf3 Qf6 17. Ng5 Qh8 18. Bb5 Re7 19. Rd4 Bb7 20. f4
a6 21. Ba4 Rd8 22. f5 Nf8 23. Rg4 Qxc3 24. Ne4+ 1-0

[Event "V Torneo del Litorale A"]
[Site "Roma ITA"]
[Date "1997.02.??"]
[Round "?"]
[White "Gardon, Ermanno"]
[Black "Proietti, Giorgio"]
[Result "0-1"]
[WhiteElo "1683"]
[BlackElo "1717"]
[PlyCount "46"]
[EventDate "1997.02.07"]

1. e4 e6 2. d4 d5 3. Nc3 Bb4 4. e5 c5 5. a3 Bxc3+ 6. bxc3 Ne7 7. h4 Qc7 8. Nf3
Bd7 9. h5 h6 10. Rh4 cxd4 11. cxd4 Nf5 12. Rg4 Nc6 13. Bd3 Nce7 14. Rb1 O-O-O
15. Bd2 Ba4 16. Rb4 Bc6 17. Rf4 g5 18. hxg6 fxg6 19. g3 g5 20. Rg4 Be8 21. Qb1
Bh5 22. Rxb7 Qxb7 23. Ba6 Qxa6 0-1

[Event "V Torneo del Litorale A"]
[Site "Roma ITA"]
[Date "1997.02.??"]
[Round "?"]
[White "Gatta, Flavio"]
[Black "Balducci, Walter"]
[Result "1-0"]
[WhiteElo "1528"]
[BlackElo "1591"]
[PlyCount "47"]
[EventDate "1997.02.07"]

1. e4 d5 2. exd5 c6 3. dxc6 Nxc6 4. Nc3 e5 5. Nf3 Bd6 6. d4 exd4 7. Nxd4 Nf6 8.
Bb5 Bd7 9. Nxc6 Bxc6 10. Bxc6+ bxc6 11. Bg5 O-O 12. O-O Qc7 13. Bxf6 gxf6 14.
g3 f5 15. Qf3 f4 16. Ne4 Be5 17. Qh5 f5 18. Ng5 fxg3 19. fxg3 Rae8 20. c3 f4
21. gxf4 Bxf4 22. Rxf4 Rxf4 23. Qxe8+ Rf8 24. Qxf8+ 1-0

[Event "V Torneo del Litorale A"]
[Site "Roma ITA"]
[Date "1997.02.??"]
[Round "?"]
[White "Gatta, Flavio"]
[Black "Marinelli, Franco"]
[Result "0-1"]
[WhiteElo "1528"]
[BlackElo "1522"]
[PlyCount "108"]
[EventDate "1997.02.07"]

1. e4 d6 2. d4 Nf6 3. Nc3 g6 4. Bg5 Bg7 5. Qd2 O-O 6. Bc4 Nbd7 7. f3 e5 8. d5
a6 9. Bb3 Nc5 10. h4 Nxb3 11. axb3 Qe8 12. g4 h5 13. gxh5 Nxh5 14. Nge2 f5 15.
Rg1 f4 16. O-O-O Kh7 17. Rdf1 Bf6 18. Nd1 Bd7 19. Nf2 a5 20. Bxf6 Rxf6 21. Ng4
Bxg4 22. fxg4 Ng7 23. Rh1 a4 24. Nc3 axb3 25. cxb3 Ra1+ 26. Kc2 Rxf1 27. Rxf1
Qd7 28. Qg2 Rf8 29. Qf3 c6 30. h5 g5 31. dxc6 bxc6 32. Ra1 Ne6 33. Ne2 Kh6 34.
Kd2 Qb7 35. Rc1 Qb4+ 36. Kd1 Nd4 37. Rc4 Nxf3 38. Rxb4 Nh2 39. Rb7 Nxg4 40. Rd7
Nf2+ 41. Ke1 Nxe4 42. Nc3 Nxc3 43. bxc3 Rf6 44. c4 c5 45. Rb7 Kxh5 46. b4 cxb4
47. Rxb4 g4 48. Rb6 Kg5 49. Kf2 Kf5 50. Ke2 Re6 51. Rb7 Ke4 52. Rb4 Kd4 53. Kf2
g3+ 54. Kg2 Rh6 0-1

[Event "V Torneo del Litorale A"]
[Site "Roma ITA"]
[Date "1997.02.??"]
[Round "?"]
[White "Gatta, Flavio"]
[Black "Russo, Massimiliano"]
[Result "1/2-1/2"]
[WhiteElo "1528"]
[BlackElo "1576"]
[PlyCount "99"]
[EventDate "1997.02.07"]

1. e4 c5 2. Nf3 d6 3. d4 cxd4 4. Nxd4 Nf6 5. Nc3 Nc6 6. Be2 a6 7. O-O h6 8. Be3
e6 9. f4 Be7 10. Kh1 Bd7 11. Nb3 b5 12. a3 b4 13. axb4 Nxb4 14. Bf3 Bb5 15.
Nxb5 axb5 16. Qd2 d5 17. exd5 Nbxd5 18. Qd3 O-O 19. Bf2 Rxa1 20. Rxa1 Qc7 21.
g3 Nb4 22. Qe2 Qxc2 23. Qxc2 Nxc2 24. Ra8 Rxa8 25. Bxa8 Ng4 26. Bb6 Bf6 27. Bc6
Bxb2 28. Bxb5 Nge3 29. Nd2 Bd4 30. Ba5 Nd5 31. Nf3 Bb6 32. Bd2 Nce3 33. Ne5 f6
34. Nc4 Nxc4 35. Bxc4 f5 36. Bc1 Bd4 37. Ba3 Kf7 38. Bd6 g5 39. fxg5 hxg5 40.
Bb3 Kf6 41. Kg2 g4 42. h4 gxh3+ 43. Kxh3 Be5 44. Bc5 Ne7 45. Kg2 Ng8 46. Be3
Bd6 47. Kf3 Ne7 48. g4 fxg4+ 49. Kxg4 e5 50. Bg5+ 1/2-1/2

[Event "V Torneo del Litorale A"]
[Site "Roma ITA"]
[Date "1997.02.??"]
[Round "?"]
[White "Laudati, Adriano"]
[Black "Colombrini, Adolfo"]
[Result "1/2-1/2"]
[WhiteElo "1852"]
[BlackElo "1659"]
[PlyCount "67"]
[EventDate "1997.02.07"]

1. e4 e6 2. d4 d5 3. Nc3 Bb4 4. a3 Bxc3+ 5. bxc3 dxe4 6. f3 h6 7. g3 exf3 8.
Nxf3 Nf6 9. Bd3 b6 10. O-O Bb7 11. Qe2 O-O 12. Bd2 Re8 13. c4 Nbd7 14. Bc3 c5
15. Ne5 cxd4 16. Bxd4 Qc7 17. Nxd7 Nxd7 18. Qh5 Rf8 19. Rae1 e5 20. Qf5 g6 21.
Qg4 Qd6 22. Be3 Qc6 23. Re2 h5 24. Qh3 Nc5 25. Bxc5 Qxc5+ 26. Rff2 Rad8 27. g4
e4 28. Bxe4 Bxe4 29. Rxe4 Rd2 30. Ref4 Rxf2 31. Rxf2 hxg4 32. Qxg4 Rc8 33. Qd7
Rc7 34. Qd8+ 1/2-1/2

[Event "V Torneo del Litorale A"]
[Site "Roma ITA"]
[Date "1997.02.??"]
[Round "?"]
[White "Laudati, Adriano"]
[Black "Farina, Saverio"]
[Result "0-1"]
[WhiteElo "1852"]
[BlackElo "2170"]
[PlyCount "116"]
[EventDate "1997.02.07"]

1. e4 e6 2. d4 d5 3. e5 c5 4. c3 Qb6 5. Nf3 Nc6 6. Bd3 cxd4 7. cxd4 Bd7 8. O-O
Nxd4 9. Nxd4 Qxd4 10. Qe2 Ne7 11. Nc3 Nc6 12. Be3 Qxe5 13. f4 Qb8 14. Nxd5 Bd6
15. f5 Bxh2+ 16. Kh1 Be5 17. fxe6 Bxe6 18. Nf4 Bd7 19. Rad1 Qc8 20. Bc4 O-O 21.
Qf2 Bg4 22. Rde1 Qd7 23. Nd3 Bd6 24. Nc5 Qc7 25. Ne4 Be5 26. Bc5 Bh5 27. Bxf8
Rxf8 28. Qh4 Bg6 29. b3 Nd4 30. Rd1 Nf5 31. Qf2 Bg3 32. Qf3 Qe7 33. Qg4 Ne3 34.
Qxg3 Nxf1 35. Rxf1 Qxe4 36. Rf4 Qe5 37. Qf2 Qh5+ 38. Kg1 Qd1+ 39. Kh2 Qh5+ 40.
Kg1 b6 41. a4 Qd1+ 42. Kh2 Qh5+ 43. Rh4 Qe5+ 44. Kh1 Rd8 45. Qe2 Qxe2 46. Bxe2
Bd3 47. Bxd3 Rxd3 48. Rc4 g6 49. b4 Ra3 50. b5 Kg7 51. Kh2 h5 52. Kg1 Ra2 53.
Kh2 g5 54. Kh3 Ra3+ 55. Kh2 h4 56. Kg1 Kg6 57. Kf2 f6 58. Kg1 Kf5 0-1

[Event "V Torneo del Litorale A"]
[Site "Roma ITA"]
[Date "1997.02.??"]
[Round "?"]
[White "Laudati, Adriano"]
[Black "Maddaloni, Giovanni"]
[Result "1-0"]
[WhiteElo "1852"]
[BlackElo "1538"]
[PlyCount "67"]
[EventDate "1997.02.07"]

1. e4 e6 2. d4 d5 3. Nc3 Bb4 4. a3 Bxc3+ 5. bxc3 dxe4 6. f3 Bd7 7. Nh3 exf3 8.
Qxf3 Bc6 9. Qg3 Nf6 10. Bd3 Na6 11. O-O Nh5 12. Qf2 f6 13. Ng5 Qd6 14. Nxe6 Kf7
15. Ng5+ Kg8 16. Ne4 Qd7 17. Bd2 f5 18. Ng5 g6 19. Rae1 Nf6 20. c4 h6 21. d5
hxg5 22. Bxg5 Ng4 23. Qd4 Re8 24. Rxe8+ Qxe8 25. dxc6 bxc6 26. c5 Rxh2 27. Bxa6
Rh5 28. Bc4+ Kh7 29. Qd2 Rxg5 30. Qxg5 Qe5 31. Qh4+ Kg7 32. Bd3 Qe3+ 33. Kh1 g5
34. Qe1 1-0

[Event "V Torneo del Litorale A"]
[Site "Roma ITA"]
[Date "1997.02.??"]
[Round "?"]
[White "Lepri, Livio"]
[Black "Gardon, Ermanno"]
[Result "1/2-1/2"]
[WhiteElo "1999"]
[BlackElo "1683"]
[PlyCount "120"]
[EventDate "1997.02.07"]

1. c4 Nf6 2. Nc3 e6 3. g3 d5 4. d4 c6 5. Bg2 Bd6 6. Nf3 Nbd7 7. O-O O-O 8. b3
b6 9. Qc2 Ba6 10. Nd2 Rc8 11. e4 e5 12. dxe5 Bxe5 13. f4 Bd4+ 14. Kh1 dxe4 15.
Ndxe4 Nxe4 16. Bxe4 Nf6 17. Bf3 b5 18. Ba3 Re8 19. Rad1 Qb6 20. Ne2 c5 21. Rd3
bxc4 22. bxc4 Rxe2 23. Bxe2 Bb7+ 24. Bf3 Ng4 25. Bc1 Re8 26. Kg2 Bxf3+ 27.
Rdxf3 Qe6 28. Rb3 f5 29. h3 Nf6 30. Rff3 Qe1 31. Be3 h5 32. Qf2 Qd1 33. Bxd4
Re2 34. Bxc5 Rxf2+ 35. Rxf2 Ng4 36. Rb8+ Kh7 37. Bxa7 Nxf2 38. Bxf2 Qc2 39. c5
Qxa2 40. Rd8 Qc4 41. Rd6 Qe4+ 42. Kh2 Qf3 43. Kg1 h4 44. gxh4 Qxf4 45. Rd1 Qf3
46. Rc1 Qxh3 47. Rc4 Qd3 48. Rd4 Qc3 49. Rd6 f4 50. Kg2 Qe5 51. Kf3 Qf5 52. Rb6
Qe5 53. Rd6 g6 54. Bd4 Qf5 55. Bf2 Qe5 56. Rd4 Kg8 57. Rxf4 Qd5+ 58. Ke2 Kh7
59. Be3 Kg8 60. Rd4 Qe6 1/2-1/2

[Event "V Torneo del Litorale A"]
[Site "Roma ITA"]
[Date "1997.02.??"]
[Round "?"]
[White "Lepri, Livio"]
[Black "Ridolfi, Raffaele"]
[Result "1-0"]
[WhiteElo "1999"]
[BlackElo "1660"]
[PlyCount "135"]
[EventDate "1997.02.07"]

1. c4 Nf6 2. Nf3 g6 3. g3 Bg7 4. Bg2 O-O 5. O-O c6 6. d4 d5 7. b3 Na6 8. Bb2
Nc7 9. Nbd2 Bf5 10. Nh4 Qd7 11. Nxf5 Qxf5 12. Rc1 Rfc8 13. Qc2 Qxc2 14. Rxc2
dxc4 15. Rxc4 Nce8 16. Rfc1 Nd6 17. R4c2 e6 18. e4 Nd7 19. a4 Rab8 20. Ba3 Bf8
21. e5 Nf5 22. Bxf8 Nxf8 23. Nf3 Rd8 24. Rd2 h5 25. h3 Nd7 26. a5 a6 27. Kh2
Kg7 28. g4 hxg4 29. hxg4 Ne7 30. Kg3 Nd5 31. Ng5 Rh8 32. Ne4 Nc7 33. Nd6 Ne8
34. Ne4 Nc7 35. Nd6 Ne8 36. Nxe8+ Rhxe8 37. f4 f5 38. Bf3 Rh8 39. Rh2 Rxh2 40.
Kxh2 Rh8+ 41. Kg3 Nb8 42. Rc4 Rc8 43. Rb4 Rc7 44. Kf2 Kf7 45. Ke3 Ke7 46. Rc4
Rc8 47. gxf5 gxf5 48. d5 exd5 49. Bxd5 Rd8 50. Bf3 Ke6 51. Rd4 Rf8 52. Rd6+ Ke7
53. Kd4 Nd7 54. Be2 Rh8 55. Bc4 Rh1 56. Ke3 Ra1 57. Be6 Nc5 58. Bxf5 Nxb3 59.
Rd7+ Kf8 60. Rxb7 Nxa5 61. Rc7 Rc1 62. e6 Nc4+ 63. Kd4 Nd6 64. Ke5 Nxf5 65.
Kxf5 Rd1 66. Kf6 Kg8 67. Rc8+ Kh7 68. e7 1-0

[Event "V Torneo del Litorale A"]
[Site "Roma ITA"]
[Date "1997.02.??"]
[Round "?"]
[White "Luzi, Alessandro"]
[Black "Corinthios, Raimondo"]
[Result "1-0"]
[WhiteElo "1567"]
[BlackElo "1510"]
[PlyCount "35"]
[EventDate "1997.02.07"]

1. e4 e5 2. Nf3 Nc6 3. Bc4 Nf6 4. d3 Be7 5. Be3 d6 6. h3 O-O 7. Nbd2 Na5 8. Qe2
Nxc4 9. Nxc4 d5 10. exd5 Qxd5 11. Nfxe5 b5 12. O-O-O bxc4 13. Nxc4 Qxg2 14.
Rdg1 Qd5 15. Bh6 Nh5 16. Qxe7 Bb7 17. Bxg7 Nxg7 18. Qf6 1-0